The APC: coping with interview day (Record no. 66418)
[ view plain ]
| 000 -LEADER | |
|---|---|
| fixed length control field | 00815cam a2200205 4500 |
| 001 - CONTROL NUMBER | |
| control field | ABS63689 |
| 008 - FIXED-LENGTH DATA ELEMENTS--GENERAL INFORMATION | |
| fixed length control field | 000000n2001 000 0 eng u |
| 035 ## - SYSTEM CONTROL NUMBER | |
| System control number | (Sirsi) u111470 |
| 100 ## - MAIN ENTRY--PERSONAL NAME | |
| Personal name | Imber, A. |
| 245 #4 - TITLE STATEMENT | |
| Title | The APC: coping with interview day |
| 260 ## - PUBLICATION, DISTRIBUTION, ETC. | |
| Date of publication, distribution, etc. | 2001 |
| 490 ## - SERIES STATEMENT | |
| Series statement | CSM (Chartered Surveyor Monthly) |
| Volume/sequential designation | March 2001, 22(1) |
| 520 ## - SUMMARY, ETC. | |
| Summary, etc. | Provides detailed advice on the format of the APC interview day. Familiarity with these details will help candidates focus on performing effectively. For further information, send a 19p or 27p SAE to: APC Notes (CSM - Interview), c/o 1 Green Meadow, Pedmore, West Midlands, DY9 0XY. Please give details of your division. |
| 590 ## - LOCAL NOTE (RLIN) | |
| Local note | ABS |
| 650 ## - SUBJECT ADDED ENTRY--TOPICAL TERM | |
| Topical term or geographic name entry element | APC |
| 9 (RLIN) | 6216 |
| 650 ## - SUBJECT ADDED ENTRY--TOPICAL TERM | |
| Topical term or geographic name entry element | APC INTERVIEWS |
| 650 ## - SUBJECT ADDED ENTRY--TOPICAL TERM | |
| Topical term or geographic name entry element | ADVICE |
| 690 ## - LOCAL SUBJECT ADDED ENTRY--TOPICAL TERM (OCLC, RLIN) | |
| Topical term or geographic name as entry element | EDUCATION-APC |
| 942 ## - ADDED ENTRY ELEMENTS (KOHA) | |
| Suppress in OPAC | 0 |
| Withdrawn status | Lost status | Source of classification or shelving scheme | Damaged status | Not for loan | Home library | Current library | Shelving location | Date acquired | Total Checkouts | Full call number | Barcode | Date last seen | Copy number | Price effective from | Koha item type |
|---|---|---|---|---|---|---|---|---|---|---|---|---|---|---|---|
| Dewey Decimal Classification | London | London | Journal article | 16/03/2001 | ABS63689 | 111470-1001 | 06/08/2019 | 1 | 06/08/2019 | Journal article |